Public relations - súčasť marketingového komplexu v zásobovaní a odbyte v podmienkach k.p. Benzinol záverečná práca postgraduálneho štúdia

Guardado en:
Detalles Bibliográficos
Autor principal: Václav, Martin
Autor Corporativo: Vysoká škola ekonomická v Bratislave
Otros Autores: Horňák, Pavel
Formato: Libro
Lenguaje:eslovaco
Publicado: Bratislava 1989
Etiquetas: Agregar Etiqueta
Sin Etiquetas, Sea el primero en etiquetar este registro!

MARC

LEADER 00000nam a2200000 4500
001 c026294
005 20221215071333.4
041 0 |a slo 
044 |a SK 
245 1 0 |a Public relations - súčasť marketingového komplexu v zásobovaní a odbyte v podmienkach k.p. Benzinol  |b záverečná práca postgraduálneho štúdia  |c Martin Václav ; ved. práce Pavel Horňák 
264 1 |a Bratislava  |c 1989 
300 |a 50 s. 
100 1 |a Václav, Martin 
700 1 |a Horňák, Pavel 
710 2 |a Vysoká škola ekonomická v Bratislave